Quiz de Forma do País #2 - Statistics

Estatísticas Gerais
  • Esse quiz foi jogado 87 vezes
  • A pontuação média é 12 de 16
Estatísticas das Respostas
Imagem Resposta % Correto
Chile
93%
Espanha
92%
Rússia
90%
Canadá
88%
África do Sul
85%
Nova Zelândia
85%
Grécia
82%
Filipinas
81%
Cuba
78%
Islândia
78%
Vietname
77%
Turquia
75%
Líbia
67%
Áustria
66%
Arábia Saudita
60%
Afeganistão
51%
Nenhum quiz correspondente encontrado
Distribuição das Pontuações
Porcentagem de Pessoas com Cada Pontuação
Percentil de Números Respondidos
Sua Pontuação Histórica
Você não jogou esse quiz